LDR 01638naa#a2200205#i#450# 001 RU\\bibl\122352 005 20260430025702.4 011 ## _a2307-7476 100 ## _a20260410b2026####ek#y0rusy0150####ca 102 ## _aRU 200 1# _aПРОГРАММНЫЙ МОДУЛЬ ИМИТАЦИОННОГО МОДЕЛИРОВАНИЯ РАСПРОСТРАНЕНИЯ КОМПЬЮТЕРНЫХ ВИРУСОВ В СЕТИ ОПОВЕЩЕНИЯ МЧС РОССИИ НА ОСНОВЕ ЭПИДЕМИОЛОГИЧЕСКОЙ PSIDR-МОДЕЛИ _eЖурнальная статья 210 1# _aСанкт-Петербург _cСанкт-Петербургский университет Государственной противопожарной службы Министерства Российской Федерации по делам гражданской обороны, чрезвычайным ситуациям и ликвидации последствий стихийных бедствий имени Героя Российской Федерации генерала армии Е.Н. Зиничева _d2026 215 ## _a13 с. 608 ## _aЖурнальная статья _2local 675 ## _aБезопасность, защищённость данных. 004.056 _aЦифровое имитирование и моделирование систем. 519.876.5 _z 700 #1 _aАрванова _gСаният Мухамедовна 700 #1 _aБархатов _gКонстантин Сергеевич 700 #1 _aГергов _gИдар Хабасович 700 #1 _aКурданов _gХалид Солтанович 856 4# _ajournals.igps.ru _u